Indian Cities by picture - Statistics

General Stats
  • This quiz has been taken 26 times
  • The average score is 7 of 15
Answer Stats
Picture Answer % Correct
Jaipur
92%
Agra
80%
Mumbai
76%
New Delhi
76%
Kolkata
64%
Amritsar
60%
Hyderabad
60%
Varanasi
44%
Jodhpur
32%
Kochi
32%
Jaisalmer
28%
Madurai
28%
Rishikesh
24%
Mysuru
20%
Gwalior
8%
No matching quizzes found
Score Distribution
Percent of People with Each Score
Percentile by Number Answered
Your Score History
You have not taken this quiz